000 00842nam a2200301Ia 4500
003 OSt
005 20221005193050.0
006 a|||||r|||| 00| 0
007 ta
008 220909b |||||||| |||| 00| 0 eng d
020 _a9788181288028 (pbk)
024 _a81592
037 _cTextual
040 _aCSL
_beng
_cCSL
041 _aeng
082 _aC9B58, M4.1;27-;31
100 _aChen Francis F
_9642641
245 0 _aIntroduction to plasma physics and controlled fusion
250 _a2
260 _aNew York
_bSpringer
_c1984
300 _ap.
_ccm.
500 _aAppendix A-D, 349-416p.; Index 417-421p.
650 _a Controlled Fusion
_9642642
650 _a Plasma Physics
_9642643
650 _aPhysics
942 _hC9B58, M4.1;27-;31
_cTEXL
_2CC
999 _c38915
_d38915